Devinez tous les personnages de Mario Kart Wii - Statistiques

Statistiques générales
  • Ce quiz a été pris 92 fois
  • Le résultat moyen est 19 sur 26
Statistiques - réponses
Hint Réponse % Correct
Moyen Mario
100%
Moyen Luigi
99%
Moyen Peach
97%
Moyen Daisy
94%
Lourd Bowser
92%
Lourd Waluigi
90%
Lourd Wario
90%
Léger Bébé Mario
88%
Léger Bébé Luigi
87%
Léger Bébé Peach
87%
Léger Toad
87%
Lourd Donkey Kong
86%
Moyen Yoshi
86%
Léger Bébé Daisy
85%
Lourd Harmonie
83%
Moyen Diddy Kong
78%
Léger Toadette
74%
Moyen Birdo
65%
Lourd Roi Boo
62%
Léger Skelerex
59%
Moyen Bowser Jr.
55%
Lourd Funky Kong
55%
Lourd Bowser Skelet
41%
Léger Koopa Troopa
33%
Varie Mii (Tenue A)
12%
Varie Mii (Tenue B)
12%
Aucun quiz correspondant
Distribution des résultats
% des personnes avec chaque résultat
Percentile par nombre de réponses
Votre historique - résultats
Vous n’avez pas pris ce quiz